| 000 | 00459nam a22001577a 4500 | ||
|---|---|---|---|
| 005 | 20200619094504.0 | ||
| 008 | 200619b xxu||||| |||| 00| 0 eng d | ||
| 082 | _a345.4 LIC | ||
| 110 |
_aLABOUR AND INDUSTRIAL CASES _95786 |
||
| 245 | _aLABOUR AND INDUSTRIAL CASES [2003] [VOL-3] JULY TO SEPTEMBER | ||
| 260 |
_aMUMBAI _bALL INDIA REPORTER, PVT. LTD. |
||
| 300 | _a2880;p | ||
| 505 | _aLABOUR AND INDUSTRIAL CASES | ||
| 650 |
_aLAW _95701 |
||
| 942 | _cJRL | ||
| 999 |
_c7263 _d7261 |
||